000 00580nam a2200229Ia 4500
003 OSt
005 20220924150730.0
006 a|||||r|||| 00| 0
007 ta
008 220923b |||||||| |||| 00| 0 kan d
024 _a334410
037 _cTextual
040 _aARTS
_cARTS
_bkan
041 _2kan
_akan
082 _aO33,1:g, P3
100 _aJainakeri Jayadevappa
_9222817
245 0 _aSahithya sowrabha
260 _c2003
650 _aKANNAD LITERATURE
942 _hO33,1:g, P3
_cTEXL
_2CC
999 _c464346
_d464346